Entremes nuevo. La satyra castigada por los saynetes de moda / (Record no. 137337)

MARC details
000 -CABECERA
campo de control de longitud fija 02423nam a22004214i 4500
001 - NÚMERO DE CONTROL
campo de control 991061739579806706
003 - IDENTIFICADOR DEL NÚMERO DE CONTROL
campo de control ES-BaIT
005 - FECHA Y HORA DE LA ÚLTIMA TRANSACCIÓN
campo de control 20260331125532.0
008 - DATOS DE LONGITUD FIJA--INFORMACIÓN GENERAL
campo de control de longitud fija 260331s1765 sp 000 d spa c
026 ## - IDENTIFICADOR DE HUELLA DIGITAL
Huella digital no analizada u-no eao. asso dela 3 1765 A
Fuente fei
040 ## - FUENTE DE LA CATALOGACIÓN
Centro catalogador/agencia de origen ES-BaIT
Lengua de catalogación cat
Normas de descripción rda
Centro/agencia transcriptor ES-BaIT
080 ## - NÚMERO DE LA CLASIFICACIÓN DECIMAL UNIVERSAL
Número de la Clasificación Decimal Universal 860-2"17"
100 0# - ENTRADA PRINCIPAL--NOMBRE DE PERSONA
Nombre de persona Nifo y Cagigal, Francisco Mariano,
Fechas asociadas al nombre 1719-1803
Término indicativo de función/relación autor
9 (RLIN) 18193
245 13 - MENCIÓN DE TÍTULO
Título Entremes nuevo. La satyra castigada por los saynetes de moda /
Mención de responsabilidad, etc. por don Francisco Mariano Nipho
246 3# - FORMA VARIANTE DE TÍTULO
Título propio/Titulo breve La Satyra castigada por los saynetes de moda
264 #1 - PRODUCCIÓN, PUBLICACIÓN, DISTRIBUCIÓN, FABRICACIÓN Y COPYRIGHT
Producción, publicación, distribución, fabricación y copyright Con licencia en Madrid :
Nombre del de productor, editor, distribuidor, fabricante en la Imprenta de la Viuda de Manuel Fernandez, se hallarà en el Real almacèn de christales, frente de San Phelipe el Real,
Fecha de producción, publicación, distribución, fabricación o copyright Año de 1765
300 ## - DESCRIPCIÓN FÍSICA
Extensión 75 pàgines ;
Dimensiones 8º (14 cm )
336 ## - TIPO DE CONTENIDO
Término de tipo de contenido text
Código de tipo de contenido txt
Fuente rdacontent
337 ## - TIPO DE MEDIO
Nombre/término del tipo de medio sense mediació
Código del tipo de medio n
Fuente rdamedia
338 ## - TIPO DE SOPORTE
Nombre/término del tipo de soporte volum
Código del tipo de soporte nc
Fuente rdacarrier
500 ## - NOTA GENERAL
Nota general Precedeix el títol: creu de Malta
500 ## - NOTA GENERAL
Nota general Entre el final del títol y la menció de responsabilitat: "Mente savete pari atque aures advertite vestras. Silicus Italicus. lib. 16."
500 ## - NOTA GENERAL
Nota general Signatures: A-B8 (full B8 en blanc)
500 ## - NOTA GENERAL
Nota general P14: D2, H12 i altres
530 ## - NOTA DISPONIBLE DE FORMULARIO FÍSICO ADICIONAL
Nota de formato físico adicional disponible Reproducció digital disponible a Biblioescènic
593 ## - Camps col·lecció exemplar
Signatura topogràfica i/o núm. de registre VIT-086/01
Notes Enquadernació holandesa en color grana, talls acolorits. Exemplar guillotinat. . Etiqueta d'antic topogràfic Vitrina A Estante 2 en full de guarda volant anterior. Manca full B8. Taques d'òxid. Relligat en volum factici, títol al llom: Entremeses / Nipho / 1765.
Història de l’exemplar. Procedència Ex-libris de la Colección teatral Arturo Sedó a la contracoberta anterior. Segell de la Colección teatral Arturo Sedó a portada. Procedència: Col·lecció Joaquín Montaner. Llistat manuscrit al full de guarda anterior de les obres que conté el volum
Digitalització Exemplar digitalitzat per Crossland, 2022
Nom de la col·lecció especial Artur Sedó
650 #0 - PUNTO DE ACCESO ADICIONAL DE MATERIA--TÉRMINO DE MATERIA
Término de materia o nombre geográfico como elemento de entrada Entremesos
Subdivisión cronológica S. XVIII
9 (RLIN) 162695
700 ## - ENTRADA AGREGADA--NOMBRE PERSONAL
Nombre de persona Viuda de Manuel Fernández,
Fechas asociadas al nombre activa 1751-1779
Término indicativo de función/relación impressor
9 (RLIN) 147240
730 0# - ENTRADA AGREGADA--TÍTULO UNIFORME
Título uniforme Col·lecció digital Biblioescènic del MAE
9 (RLIN) 69172
752 ## - ENTRADA AGREGADA--NOMBRE JERÁRQUICO DEL LUGAR
País o entidad superior Espanya
Ciudad Madrid
856 41 - LOCALIZACIÓN Y ACCESO ELECTRÓNICOS
Nota pública Accés lliure (Biblioescènic)
Identificador Uniforme del Recurso <a href="https://books.cdmae.cat/visorpdf/?recurs=SV0086-01">https://books.cdmae.cat/visorpdf/?recurs=SV0086-01</a>
856 4# - LOCALIZACIÓN Y ACCESO ELECTRÓNICOS
Nota pública Fitxa del catàleg manual
Identificador Uniforme del Recurso <a href="http://www.cdmae.cat/sedo/imgtitulos/062/P0001488.gif">http://www.cdmae.cat/sedo/imgtitulos/062/P0001488.gif</a>
902 ## - ELEMENTOS DE DATOS B LOCAL, LDB (RLIN)
a Patrimoni
902 ## - ELEMENTOS DE DATOS B LOCAL, LDB (RLIN)
a Fons antic
908 ## - COLOCAR PARÁMETRO DE COMANDO (RLIN)
Colocar parámetro de comando CDMAE
940 ## - EQUIVALENCIA O REFERENCIA-CRUZADA--TÍTULO UNIFORME [OBSOLETO] [solamente CAN/MARC]
Título uniforme <a href="CDMAE">CDMAE</a>
942 ## - ELEMENTOS DE ENTRADA AGREGADA (KOHA)
Fuente del sistema de clasificación o colocación Clasificación decimal universal
Tipo de ítem Koha Digital
Holdings
Estado de retiro Estado de pérdida Fuente del sistema de clasificación o colocación Estado dañado No para préstamo Código de colección Localización permanente Ubicación/localización actual Ubicación en estantería Fecha de adquisición Fuente de adquisición Total de préstamos Signatura topográfica completa Código de barras Fecha visto por última vez Precio válido a partir de Tipo de ítem Koha
    Clasificación decimal universal   Exclòs de préstec Artur Sedó. Col·lecció Joaquín Montaner Biblioteca Barcelona Biblioteca Barcelona BCN Magatzem Sedó Vitrina 31/03/2026 Reconversió   VIT-086/01 1000086015 31/03/2026 31/03/2026 Antiquària

Powered by Koha